000 01493nam a2200325 i 4500
999 _c358157
_d358157
001 000000434741
003 IT-MiSPE
005 20200317154418.0
008 181029s2018 it 000 0 ita d
020 _a9788892216389
_c35.00 EUR
040 _aIT-MiSPE
_bita
_dIT-MiSPE
_cIT-MiSPE
041 _aita
082 _a227.092-ROM st pa (axa 23227)
100 1 _aRomanello, Stefano,
_csacerdote,
_d1961-,
_eautore.
_957650
245 1 0 _aPaolo: la vita, le lettere, il pensiero teologico /
_cStefano Romanello.
264 4 _c©2018.
264 1 _aCinisello Balsamo (Milano) :
_bSan Paolo,
_c[2018]
300 _a357 p. ;
_c22 cm
336 _atesto
_btxt
_2rdacontent
337 _asenza mediazione
_bn
_2rdamedia
338 _avolume
_bnc
_2rdacarrier
504 _aBibliografia alla fine dei capitoli
520 _aRomanello dedica un congruo spazio alla presentazione delle singole lettere, mosso tuttavia dalla convinzione che il loro messaggio possa essere adeguatamente colto se sono contestualizzate nella cornice ampia della missione e della biografia del loro autore, nonché se si abbozza almeno uno schizzo sintetico delle convinzioni teologiche che esse manifestano.
600 0 4 _aPaulus Apostolus,
_csanto.
_957523
655 7 _aSacra Scrittura. Studi sul Nuovo Testamento
_xPaolo: biografia.
_2local
_957519
655 7 _aSacra Scrittura. Studi sul Nuovo Testamento
_xPaolo: studi e teologia.
_2local
_956750
942 _2ddc
_cBK